Televisión, ideología y socialización: su papel en la formación de la identidad personal y social del niño y la niña costarricenses: I parte: Aspectos teórico metodológicos y contextuales /
Gespeichert in:
| 1. Verfasser: | |
|---|---|
| Weitere Verfasser: | |
| Format: | Buch |
| Sprache: | Spanish |
| Schlagworte: | |
| Tags: |
Tag hinzufügen
Keine Tags, Fügen Sie den ersten Tag hinzu!
|
MARC
| LEADER | 00000nam a22000007a 4500 | ||
|---|---|---|---|
| 003 | cru IIS | ||
| 005 | 20220620125804.0 | ||
| 007 | ta | ||
| 008 | 220620b |||||||| |||| 00| 0 spa d | ||
| 040 | |c cru IIS | ||
| 100 | 1 | |9 10479 |a Lobo Solano, Isaura |e Autora | |
| 245 | 1 | |a Televisión, ideología y socialización: su papel en la formación de la identidad personal y social del niño y la niña costarricenses: |b I parte: Aspectos teórico metodológicos y contextuales / |c Isaura Lobo Solano, Jaime R. Robert Jiménez | |
| 300 | |a 49 páginas | ||
| 500 | |a Colección Centroamérica | ||
| 650 | 0 | |9 10 |a MEDIOS DE COMUNICACION DE MASAS | |
| 650 | 0 | |9 1673 |a TELEVISION | |
| 650 | 0 | |9 1428 |a IDEOLOGIAS | |
| 650 | 0 | |9 2093 |a SOCIALIZACION | |
| 650 | 0 | |9 7497 |a INFANCIA | |
| 650 | 0 | |9 3201 |a NIÑOS | |
| 650 | 0 | |9 2524 |a METODOS DE INVESTIGACION | |
| 700 | 1 | |9 8099 |a Robert Jiménez, Jaime Roberto |e Autor | |
| 773 | 0 | |0 18811 |9 3239 |a Universidad de Costa Rica. Instituto de Investigaciones en Psicología |d San José, C.R.: Editorial de la UCR |o 07026 |t Actualidades en Psicología / | |
| 942 | |2 ddc |c PP | ||
| 999 | |c 44314 |d 44314 | ||
